| 000 | 01359cas a2200373 4500 | ||
|---|---|---|---|
| 001 | 11212917 | ||
| 003 | EG-GICUC | ||
| 005 | 20260405231514.0 | ||
| 008 | 260405s1966 fr uu 0 b0fre | ||
| 040 |
_aDLC _bfre _cEG-GICUC _dEG-GICUC _eRda |
||
| 043 | _afr# | ||
| 082 | 0 |
_a341.85 _221 _bB U |
|
| 092 | 0 | 4 |
_221 _a341.85 |
| 099 | _aLaw1 11 341.85 B U 1966 | ||
| 110 | 2 |
_aSociété internationale de défense sociale. _1https://id.oclc.org/worldcat/entity/E39QQPVp7Prjy8f4wdPW3qxBqF |
|
| 245 | 1 | 0 | _aBulletin de la Société internationale de défense sociale. |
| 264 |
_a[Paris] : _b[Société internationale de défense sociale, etc.], _c1966. |
||
| 300 |
_a64 pages _c22 cm _billustration ; |
||
| 336 |
_atext _btxt _2rdacontent |
||
| 337 |
_aunmediated _bn _2rdamedia |
||
| 338 |
_2 transporteur rda _a Ressource en ligne |
||
| 362 | 1 |
_aBegan in 1955. _zCf. New serial titles. |
|
| 504 | _aBibliography: pages 200-250. 240-220 | ||
| 650 | 0 |
_aContrats de commerce international _vcontract _2qrmak |
|
| 651 | 1 | _2qrmak | |
| 655 | 7 |
_aPeriodicals. _2fast _0(OCoLC)fst01411641 |
|
| 785 | 0 | 2 | _tCahiers de défense sociale |
| 856 | 4 | 0 | _uhttps://fll.law.cu.edu.eg/fulltext/bks/B11-07901.pdf |
| 905 | _a15 | ||
| 906 |
_a7 _bcbc _cserials _d4 _encip _f19 _gn-oclcserc |
||
| 942 |
_2ddc _cBK _e21 _n0 |
||
| 999 |
_c69221 _d69221 |
||